000 00504 a2200181 4500
999 _c41530
_d41530
003 OSt
005 20220919143012.0
008 220919b ||||| |||| 00| 0 eng d
020 _a9789380704661
040 _coclc
082 _a616.89
_bAHU/S
100 _99105
_aAhuja, Niraj
245 _aA short textbook of psychiatry /
_cNiraj Ahuja
250 _a7th ed.
260 _aNew Delhi:
_bJaypee,
_c2011
300 _a261 pages
942 _2ddc
_cBK
_h616.89
_iAHU/S
_k616.89
_mAHU/S